| 000 | 00765cam a2200205 4500500 | ||
|---|---|---|---|
| 005 | 20260111080444.0 | ||
| 041 | _afre | ||
| 042 | _adc | ||
| 100 | 1 | 0 |
_aDjeya Kamdom, Yves Gabriel _eauthor |
| 245 | 0 | 0 | _aLa réforme du contentieux financier public au Cameroun par la loi du 11 juillet 2018 : portée et insuffisances d’un texte |
| 260 | _c2020. | ||
| 500 | _a36 | ||
| 690 | _aCameroun | ||
| 690 | _aCDBF | ||
| 690 | _acontentieux financier public | ||
| 690 | _adroit communautaire (CEMAC) | ||
| 690 | _ajuridictions financières | ||
| 786 | 0 | _nGestion & Finances Publiques | 6 | 6 | 2020-12-09 | p. 123-128 | 1969-1009 | |
| 856 | 4 | 1 | _uhttps://droit.cairn.info/revue-gestion-et-finances-publiques-2020-6-page-123?lang=fr&redirect-ssocas=7080 |
| 999 |
_c1616337 _d1616337 |
||